El recurso de casación: Derecho chileno y comparado

Salvato in:
Dettagli Bibliografici
Autore principale: Paillas Peña, Enrique (autor)
Natura: Libro
Lingua:spagnolo
Pubblicazione: Santiago Jurídica ConoSur Ltda 1999
Edizione:1a. ed
Soggetti:
Tags: Aggiungi Tag
Nessun Tag, puoi essere il primo ad aggiungerne!!

MARC

LEADER 00000cam a2200000 a 4500
001 UCC4390
003 CL-VaPUC
008 180803e19990000cl |||||||||||||||||spa|d
020 |a 956238229X 
082 0 4 |a 347.83077  |b PAI  |2 21 
100 |a Paillas Peña, Enrique  |e autor  |9 768803 
245 1 3 |a El recurso de casación: Derecho chileno y comparado 
250 |a 1a. ed 
300 |a t 
942 |c BK 
945 |d 20180803 12:44:00  |a dcastane 
260 |a Santiago  |b Jurídica ConoSur Ltda  |c 1999 
650 0 |a Recurso de casación  |9 258890 
650 7 |a CASACION DE LA FORMA  |2 CL-VaPUC  |9 532140 
650 0 |a Cosa juzgada  |9 255091 
583 |a last modification  |c 20180803 12:44:00  |k Rodrigo Vera 
999 |c 371942  |d 371940 
952 |0 0  |1 0  |3 erb  |4 0  |6 347_830770000000000_PAI_1999  |7 0  |8 A  |9 489160  |a BIBDER  |b BIBDER  |e Mateluna Arestizabal, Alfredo Sergio  |h t.1  |i 5484480  |o 347.83077 PAI 1999  |p 5484480  |r 2023-01-25  |w 2019-11-24  |y BK  |z Catalogado en:20180803  |k DER